<?xml version="1.0" encoding="UTF-8"?>
<collection xmlns="http://www.loc.gov/MARC21/slim">
<record>
  <controlfield tag="001">1019839</controlfield>
  <controlfield tag="003">SzGeCERN</controlfield>
  <controlfield tag="005">20201204151639.0</controlfield>
  <datafield tag="037" ind1=" " ind2=" ">
    <subfield code="a">CERN-MOVIE-2000-013-001</subfield>
  </datafield>
  <datafield tag="041" ind1=" " ind2=" ">
    <subfield code="a">swe</subfield>
  </datafield>
  <datafield tag="100" ind1=" " ind2=" ">
    <subfield code="a">ATLAS Outreach Committee</subfield>
    <subfield code="e">Produced by</subfield>
  </datafield>
  <datafield tag="245" ind1=" " ind2=" ">
    <subfield code="a">ATLAS experimentet</subfield>
  </datafield>
  <datafield tag="260" ind1=" " ind2=" ">
    <subfield code="c">2000</subfield>
  </datafield>
  <datafield tag="269" ind1=" " ind2=" ">
    <subfield code="b">CERN Copyright</subfield>
    <subfield code="c">2000</subfield>
  </datafield>
  <datafield tag="300" ind1=" " ind2=" ">
    <subfield code="a">00:20:52.720</subfield>
    <subfield code="b">720x576 4/3, 25.00</subfield>
    <subfield code="c">25</subfield>
    <subfield code="d">720x576</subfield>
    <subfield code="e">4:3</subfield>
  </datafield>
  <datafield tag="340" ind1=" " ind2=" ">
    <subfield code="a">Betacam</subfield>
    <subfield code="d">PAL</subfield>
  </datafield>
  <datafield tag="500" ind1=" " ind2=" ">
    <subfield code="a">The video was digitized from its original recording as part of the CERN Digital Memory project</subfield>
  </datafield>
  <datafield tag="506" ind1="1" ind2=" ">
    <subfield code="a"></subfield>
  </datafield>
  <datafield tag="520" ind1=" " ind2=" ">
    <subfield code="a">Filmen innehåller mycket information om fysik och varför LHC behövs tilsammans med stora detektorer och specielt om behovet av ATLAS Experimentet. Mycket bra film för att förklara det okända- som man undersöker i CERN för att ge svar på frågor som människor har försökt förklara under flere tusen år.</subfield>
  </datafield>
  <datafield tag="542" ind1=" " ind2=" ">
    <subfield code="d">CERN</subfield>
    <subfield code="g">2000</subfield>
  </datafield>
  <datafield tag="583" ind1="1" ind2=" ">
    <subfield code="2">pda</subfield>
    <subfield code="3">Betacam SP</subfield>
    <subfield code="5">SzGeCERN</subfield>
    <subfield code="6">disks/DELIVERY47</subfield>
    <subfield code="a">digitized</subfield>
    <subfield code="b">S1V1</subfield>
    <subfield code="c">202011</subfield>
    <subfield code="f">CERN Digital Memory Project</subfield>
    <subfield code="i">OPEN-REFINE Project SUM-NOV2020</subfield>
    <subfield code="k">PICTURAE</subfield>
    <subfield code="u">https://cds.cern.ch/record/2257246</subfield>
    <subfield code="n">18,54</subfield>
    <subfield code="o">minutes</subfield>
    <subfield code="x"> Audio present but not on all channels; Low RF, noisy picture</subfield>
  </datafield>
  <datafield tag="595" ind1=" " ind2=" ">
    <subfield code="a">The digitized video file was linked to this record in Nov.2020.</subfield>
  </datafield>
  <datafield tag="595" ind1=" " ind2=" ">
    <subfield code="a">Betacam SP</subfield>
  </datafield>
  <datafield tag="653" ind1="1" ind2=" ">
    <subfield code="9">review</subfield>
    <subfield code="a">ATLAS</subfield>
  </datafield>
  <datafield tag="653" ind1="1" ind2=" ">
    <subfield code="9">review</subfield>
    <subfield code="a">LHC</subfield>
  </datafield>
  <datafield tag="653" ind1="1" ind2=" ">
    <subfield code="9">review</subfield>
    <subfield code="a">Point 1</subfield>
  </datafield>
  <datafield tag="690" ind1="C" ind2=" ">
    <subfield code="a">reviewed</subfield>
  </datafield>
  <datafield tag="690" ind1="C" ind2=" ">
    <subfield code="a">movingimages</subfield>
  </datafield>
  <datafield tag="693" ind1=" " ind2=" ">
    <subfield code="e">ATLAS</subfield>
  </datafield>
  <datafield tag="700" ind1=" " ind2=" ">
    <subfield code="a">Bob van Gijzel</subfield>
    <subfield code="e">Director</subfield>
  </datafield>
  <datafield tag="773" ind1=" " ind2=" ">
    <subfield code="p">The ATLAS Experiment</subfield>
    <subfield code="u">http://www.atlas.ch/</subfield>
  </datafield>
  <datafield tag="773" ind1=" " ind2=" ">
    <subfield code="p">English version</subfield>
    <subfield code="u">http://cdsweb.cern.ch/record/1458008</subfield>
  </datafield>
  <datafield tag="773" ind1=" " ind2=" ">
    <subfield code="o">AVW.project.654</subfield>
    <subfield code="r">CERN-MOVIE-2000-013</subfield>
  </datafield>
  <datafield tag="852" ind1=" " ind2=" ">
    <subfield code="a">Not-in-Inventory</subfield>
    <subfield code="c">CM-A00000349</subfield>
  </datafield>
  <datafield tag="856" ind1="7" ind2=" ">
    <subfield code="2">EOS</subfield>
    <subfield code="q">MKV</subfield>
    <subfield code="d">/eos/media/cds/public/www/digital-memory/media-archive/video/open/mkv/pm_S1V1_CM-A00000349-072.mkv</subfield>
    <subfield code="w">(PICTURAE:MD5)CM-A00000349-072.mkv;5cb98cfa6274129762eaceb90751ad96</subfield>
  </datafield>
  <datafield tag="856" ind1="7" ind2=" ">
    <subfield code="2">EOS</subfield>
    <subfield code="q">MOV</subfield>
    <subfield code="d">/eos/media/cds/public/www/digital-memory/media-archive/video/open/mov/am_S1V1_CM-A00000349-072.mov</subfield>
    <subfield code="w">(PICTURAE:MD5)CM-A00000349-072.mov;79b407be8cc25a06c5bcef3141182822</subfield>
  </datafield>
  <datafield tag="856" ind1="4" ind2=" ">
    <subfield code="2">EOS</subfield>
    <subfield code="q">MP4</subfield>
    <subfield code="u">http://cern.ch/digital-memory/media-archive/video/open/mp4/ac_S1V1_CM-A00000349-072.mp4</subfield>
    <subfield code="y">Video-CM-A00000349-072</subfield>
    <subfield code="z">mp4 video format (640x360)</subfield>
    <subfield code="w">(PICTURAE:MD5)CM-A00000349-072.mp4;696cb060c3a79e284df01b393e9e3907</subfield>
    <subfield code="x">Reviewed and recovered by Tom Barthelemy in Decembre 2020</subfield>
  </datafield>
  <datafield tag="859" ind1=" " ind2=" ">
    <subfield code="f">tiina.wickstroem@cern.ch</subfield>
  </datafield>
  <datafield tag="960" ind1=" " ind2=" ">
    <subfield code="a">85</subfield>
  </datafield>
  <datafield tag="961" ind1=" " ind2=" ">
    <subfield code="c">20070302</subfield>
    <subfield code="h">1645</subfield>
    <subfield code="l">MMD01</subfield>
    <subfield code="x">20070302</subfield>
  </datafield>
  <datafield tag="963" ind1=" " ind2=" ">
    <subfield code="a">PUBLIC</subfield>
  </datafield>
  <datafield tag="970" ind1=" " ind2=" ">
    <subfield code="a">AVW.clip.832</subfield>
  </datafield>
  <datafield tag="970" ind1=" " ind2=" ">
    <subfield code="d">https://videos.cern.ch/record/1019839</subfield>
  </datafield>
  <datafield tag="980" ind1=" " ind2=" ">
    <subfield code="a">PUBLVIDEOMOVIE</subfield>
  </datafield>
  <datafield tag="980" ind1=" " ind2=" ">
    <subfield code="b">VIDEOMEDIALAB</subfield>
  </datafield>
  <datafield tag="980" ind1=" " ind2=" ">
    <subfield code="c">MIGRATED</subfield>
  </datafield>
  <datafield tag="980" ind1=" " ind2=" ">
    <subfield code="a">VIDEOARC</subfield>
  </datafield>
</record>
<record>
  <controlfield tag="001">1019704</controlfield>
  <controlfield tag="003">SzGeCERN</controlfield>
  <controlfield tag="005">20201204151639.0</controlfield>
  <datafield tag="037" ind1=" " ind2=" ">
    <subfield code="a">CERN-MOVIE-2002-004-001</subfield>
  </datafield>
  <datafield tag="041" ind1=" " ind2=" ">
    <subfield code="a">fre</subfield>
  </datafield>
  <datafield tag="100" ind1=" " ind2=" ">
    <subfield code="a">CERN</subfield>
    <subfield code="e">Produced by</subfield>
  </datafield>
  <datafield tag="245" ind1=" " ind2=" ">
    <subfield code="a">L'expérience ATLAS</subfield>
  </datafield>
  <datafield tag="260" ind1=" " ind2=" ">
    <subfield code="c">2002</subfield>
  </datafield>
  <datafield tag="269" ind1=" " ind2=" ">
    <subfield code="b">CERN Copyright</subfield>
    <subfield code="c">2002-07-01</subfield>
  </datafield>
  <datafield tag="300" ind1=" " ind2=" ">
    <subfield code="a">00:19:07.240</subfield>
    <subfield code="b">720x576 4/3, 25.00</subfield>
    <subfield code="c">25</subfield>
    <subfield code="d">720x576</subfield>
    <subfield code="e">4:3</subfield>
  </datafield>
  <datafield tag="340" ind1=" " ind2=" ">
    <subfield code="a">Betacam</subfield>
    <subfield code="d">PAL</subfield>
  </datafield>
  <datafield tag="500" ind1=" " ind2=" ">
    <subfield code="a">The video was digitized from its original recording as part of the CERN Digital Memory project</subfield>
  </datafield>
  <datafield tag="506" ind1="1" ind2=" ">
    <subfield code="a"></subfield>
  </datafield>
  <datafield tag="542" ind1=" " ind2=" ">
    <subfield code="d">CERN</subfield>
    <subfield code="g">2002</subfield>
  </datafield>
  <datafield tag="583" ind1="1" ind2=" ">
    <subfield code="2">pda</subfield>
    <subfield code="3">Betacam SP</subfield>
    <subfield code="5">SzGeCERN</subfield>
    <subfield code="6">disks/DELIVERY47</subfield>
    <subfield code="a">digitized</subfield>
    <subfield code="b">S1V1</subfield>
    <subfield code="c">202011</subfield>
    <subfield code="f">CERN Digital Memory Project</subfield>
    <subfield code="i">OPEN-REFINE Project SUM-NOV2020</subfield>
    <subfield code="k">PICTURAE</subfield>
    <subfield code="u">https://cds.cern.ch/record/2257246</subfield>
    <subfield code="n">21,2066666666667</subfield>
    <subfield code="o">minutes</subfield>
    <subfield code="x"> Audio present but not on all channels; Low RF, noisy picture</subfield>
  </datafield>
  <datafield tag="595" ind1=" " ind2=" ">
    <subfield code="a">The digitized video file was linked to this record in Nov.2020.</subfield>
  </datafield>
  <datafield tag="595" ind1=" " ind2=" ">
    <subfield code="a">Betacam SP</subfield>
  </datafield>
  <datafield tag="653" ind1="1" ind2=" ">
    <subfield code="9">review</subfield>
    <subfield code="a">ATLAS</subfield>
  </datafield>
  <datafield tag="690" ind1="C" ind2=" ">
    <subfield code="a">reviewed</subfield>
  </datafield>
  <datafield tag="690" ind1="C" ind2=" ">
    <subfield code="a">movingimages</subfield>
  </datafield>
  <datafield tag="700" ind1=" " ind2=" ">
    <subfield code="a">Bob van Gijzel</subfield>
    <subfield code="e">Director</subfield>
  </datafield>
  <datafield tag="773" ind1=" " ind2=" ">
    <subfield code="p">English version</subfield>
    <subfield code="u">http://cdsweb.cern.ch/record/1458008</subfield>
  </datafield>
  <datafield tag="773" ind1=" " ind2=" ">
    <subfield code="o">AVW.project.703</subfield>
    <subfield code="r">CERN-MOVIE-2002-004</subfield>
  </datafield>
  <datafield tag="852" ind1=" " ind2=" ">
    <subfield code="a">Not-in-Inventory</subfield>
    <subfield code="c">CM-A00000349</subfield>
  </datafield>
  <datafield tag="856" ind1="7" ind2=" ">
    <subfield code="2">EOS</subfield>
    <subfield code="q">MKV</subfield>
    <subfield code="d">/eos/media/cds/public/www/digital-memory/media-archive/video/open/mkv/pm_S1V1_CM-A00000349-063.mkv</subfield>
    <subfield code="w">(PICTURAE:MD5)CM-A00000349-063.mkv;25b62f137a97587d742bbd6d0bddf5a1</subfield>
  </datafield>
  <datafield tag="856" ind1="7" ind2=" ">
    <subfield code="2">EOS</subfield>
    <subfield code="q">MOV</subfield>
    <subfield code="d">/eos/media/cds/public/www/digital-memory/media-archive/video/open/mov/am_S1V1_CM-A00000349-063.mov</subfield>
    <subfield code="w">(PICTURAE:MD5)CM-A00000349-063.mov;fee9684031a4384485ba3d0d069ac8e6</subfield>
  </datafield>
  <datafield tag="856" ind1="4" ind2=" ">
    <subfield code="2">EOS</subfield>
    <subfield code="q">MP4</subfield>
    <subfield code="u">http://cern.ch/digital-memory/media-archive/video/open/mp4/ac_S1V1_CM-A00000349-063.mp4</subfield>
    <subfield code="y">Video-CM-A00000349-063</subfield>
    <subfield code="z">mp4 video format (640x360)</subfield>
    <subfield code="w">(PICTURAE:MD5)CM-A00000349-063.mp4;3474a2b5a89813c1bc169cfe0775a147</subfield>
    <subfield code="x">Reviewed and recovered by Tom Barthelemy in Decembre 2020</subfield>
  </datafield>
  <datafield tag="859" ind1=" " ind2=" ">
    <subfield code="f">christiane.montarbaud@cern.ch</subfield>
  </datafield>
  <datafield tag="960" ind1=" " ind2=" ">
    <subfield code="a">85</subfield>
  </datafield>
  <datafield tag="961" ind1=" " ind2=" ">
    <subfield code="c">20070606</subfield>
    <subfield code="h">1510</subfield>
    <subfield code="l">MMD01</subfield>
    <subfield code="x">20070301</subfield>
  </datafield>
  <datafield tag="963" ind1=" " ind2=" ">
    <subfield code="a">PUBLIC</subfield>
  </datafield>
  <datafield tag="970" ind1=" " ind2=" ">
    <subfield code="a">AVW.clip.880</subfield>
  </datafield>
  <datafield tag="970" ind1=" " ind2=" ">
    <subfield code="d">https://videos.cern.ch/record/1019704</subfield>
  </datafield>
  <datafield tag="980" ind1=" " ind2=" ">
    <subfield code="a">PUBLVIDEOMOVIE</subfield>
  </datafield>
  <datafield tag="980" ind1=" " ind2=" ">
    <subfield code="b">VIDEOMEDIALAB</subfield>
  </datafield>
  <datafield tag="980" ind1=" " ind2=" ">
    <subfield code="c">MIGRATED</subfield>
  </datafield>
  <datafield tag="980" ind1=" " ind2=" ">
    <subfield code="a">VIDEOARC</subfield>
  </datafield>
</record>
<record>
  <controlfield tag="001">1113728</controlfield>
  <controlfield tag="005">20200622102012.0</controlfield>
  <datafield tag="037" ind1=" " ind2=" ">
    <subfield code="a">CERN-MOVIE-2008-028-001</subfield>
  </datafield>
  <datafield tag="041" ind1=" " ind2=" ">
    <subfield code="a">eng-fre</subfield>
  </datafield>
  <datafield tag="100" ind1=" " ind2=" ">
    <subfield code="a">CERN Audiovisual Service</subfield>
    <subfield code="e">Produced by</subfield>
  </datafield>
  <datafield tag="245" ind1=" " ind2=" ">
    <subfield code="a">Installation of the last piece of LHC beam pipe and ATLAS detector called LUCID</subfield>
  </datafield>
  <datafield tag="246" ind1=" " ind2="1">
    <subfield code="a">Installation de la dernière pièce du tube à faisceau du LHC d'ATLAS et détecteur de LUCID</subfield>
  </datafield>
  <datafield tag="260" ind1=" " ind2=" ">
    <subfield code="c">2008</subfield>
  </datafield>
  <datafield tag="269" ind1=" " ind2=" ">
    <subfield code="b">CERN</subfield>
    <subfield code="c">2008-06-16</subfield>
  </datafield>
  <datafield tag="300" ind1=" " ind2=" ">
    <subfield code="a">00:01:45.080</subfield>
    <subfield code="b">1440x1080 16/9, 25.00</subfield>
    <subfield code="c">25</subfield>
    <subfield code="d">1440x1080</subfield>
    <subfield code="e">16:9</subfield>
  </datafield>
  <datafield tag="340" ind1=" " ind2=" ">
    <subfield code="a">DVCPRO-HD</subfield>
    <subfield code="d">PAL</subfield>
  </datafield>
  <datafield tag="506" ind1="1" ind2=" ">
    <subfield code="a"></subfield>
  </datafield>
  <datafield tag="520" ind1=" " ind2=" ">
    <subfield code="a">&lt;B>This film is spoken in English and text in French.&lt;/B> &lt;BR> &lt;BR> The film will show you the descending and installation of the last element of the LHC beam pipe. Around the beam pipe is installed an ATLAS detector called LUCID. The same kind of element is on both sides of ATLAS. This detector measures the rate of the collisions in ATLAS. &lt;BR>&lt;BR> You can also get more information about&lt;B> LUCID&lt;/B> detector by watching the part where&lt;B> Vincent Hedberg &lt;/B>is interviewed. &lt;BR>&lt;BR> Almost at the end of the film there is the interview of the &lt;B>Raymond Veness&lt;/B>. He tells about the delicate operations of finishing the vacuum system and the LHC.</subfield>
  </datafield>
  <datafield tag="542" ind1=" " ind2=" ">
    <subfield code="d">CERN</subfield>
    <subfield code="g">2008</subfield>
  </datafield>
  <datafield tag="590" ind1=" " ind2=" ">
    <subfield code="a">&lt;b>More about LUCID&lt;/B>&lt;BR> Closest to the IP (Interaction Point) there is &lt;B> LUCID (Luminosity measurement using Cerenkov Integrating Detector). &lt;/b>LUCID comprises some 170 Cerenkov tubes sitting around the beam pipe at about 17 m away from the IP. The tubes are 1.5 meter long, sitting parallel with the beam and they are organized in a ring structure. (From the article of Forward Detectors, Grafstrom, P. ) &lt;BR>&lt;BR> Please look at the links below to find out more information about the ATLAS Experiment and LUCID detector.</subfield>
  </datafield>
  <datafield tag="595" ind1=" " ind2=" ">
    <subfield code="a">CERN EDS</subfield>
  </datafield>
  <datafield tag="653" ind1="1" ind2=" ">
    <subfield code="9">review</subfield>
    <subfield code="a">Accelerator</subfield>
  </datafield>
  <datafield tag="653" ind1="1" ind2=" ">
    <subfield code="9">review</subfield>
    <subfield code="a">ATLAS</subfield>
  </datafield>
  <datafield tag="653" ind1="1" ind2=" ">
    <subfield code="9">review</subfield>
    <subfield code="a">Beam pipe</subfield>
  </datafield>
  <datafield tag="653" ind1="1" ind2=" ">
    <subfield code="9">review</subfield>
    <subfield code="a">Installation</subfield>
  </datafield>
  <datafield tag="653" ind1="1" ind2=" ">
    <subfield code="9">review</subfield>
    <subfield code="a">Interview</subfield>
  </datafield>
  <datafield tag="653" ind1="1" ind2=" ">
    <subfield code="9">review</subfield>
    <subfield code="a">IP</subfield>
  </datafield>
  <datafield tag="653" ind1="1" ind2=" ">
    <subfield code="9">review</subfield>
    <subfield code="a">LHC</subfield>
  </datafield>
  <datafield tag="653" ind1="1" ind2=" ">
    <subfield code="9">review</subfield>
    <subfield code="a">LUCID</subfield>
  </datafield>
  <datafield tag="653" ind1="1" ind2=" ">
    <subfield code="9">review</subfield>
    <subfield code="a">Particle</subfield>
  </datafield>
  <datafield tag="653" ind1="1" ind2=" ">
    <subfield code="9">review</subfield>
    <subfield code="a">Beam pipe</subfield>
  </datafield>
  <datafield tag="690" ind1="C" ind2=" ">
    <subfield code="a">publvideomovie</subfield>
  </datafield>
  <datafield tag="690" ind1="C" ind2=" ">
    <subfield code="a">movingimages</subfield>
  </datafield>
  <datafield tag="693" ind1=" " ind2=" ">
    <subfield code="e">ATLAS</subfield>
  </datafield>
  <datafield tag="700" ind1=" " ind2=" ">
    <subfield code="a">CERN Audiovisual Service</subfield>
    <subfield code="e">Director</subfield>
  </datafield>
  <datafield tag="773" ind1=" " ind2=" ">
    <subfield code="p">The ATLAS Experiment</subfield>
    <subfield code="u">http://www.atlas.ch/</subfield>
  </datafield>
  <datafield tag="773" ind1=" " ind2=" ">
    <subfield code="p">ATL-ENEWS-2006-011</subfield>
    <subfield code="u">http://cdsweb.cern.ch/record/965622</subfield>
  </datafield>
  <datafield tag="773" ind1=" " ind2=" ">
    <subfield code="p">ATL-ENEWS-2007-063</subfield>
    <subfield code="u">http://cdsweb.cern.ch/record/1062720</subfield>
  </datafield>
  <datafield tag="773" ind1=" " ind2=" ">
    <subfield code="o">AVW.project.892</subfield>
    <subfield code="r">CERN-MOVIE-2008-028</subfield>
  </datafield>
  <datafield tag="856" ind1="7" ind2=" ">
    <subfield code="2">MediaArchive</subfield>
    <subfield code="d">\\cern.ch\dfs\Services\MediaArchive\Video\Masters\Movies\CERN\2008\CERN-MOVIE-2008-028\Final_Output\CERN-MOVIE-2008-028-001.mov</subfield>
    <subfield code="x">Absolute master path</subfield>
  </datafield>
  <datafield tag="856" ind1="7" ind2=" ">
    <subfield code="2">MediaArchive</subfield>
    <subfield code="u">https://mediaarchive.cern.ch/MediaArchive/Video/Public/Movies/CERN/2008/CERN-MOVIE-2008-028/CERN-MOVIE-2008-028-001/CERN-MOVIE-2008-028-001-5872-kbps-1920x1080-audio-128-kbps-stereo.mp4</subfield>
    <subfield code="x">mp45872</subfield>
    <subfield code="y">5872 kbps maxH 1080 25 fps audio 128 kbps 48 kHz stereo</subfield>
  </datafield>
  <datafield tag="856" ind1="7" ind2=" ">
    <subfield code="2">MediaArchive</subfield>
    <subfield code="u">https://mediaarchive.cern.ch/MediaArchive/Video/Public/Movies/CERN/2008/CERN-MOVIE-2008-028/CERN-MOVIE-2008-028-001/CERN-MOVIE-2008-028-001-2672-kbps-1280x720-audio-128-kbps-stereo.mp4</subfield>
    <subfield code="x">mp42672</subfield>
    <subfield code="y">2672 kbps maxH 720 25 fps audio 128 kbps 48 kHz stereo</subfield>
  </datafield>
  <datafield tag="856" ind1="7" ind2=" ">
    <subfield code="2">MediaArchive</subfield>
    <subfield code="u">https://mediaarchive.cern.ch/MediaArchive/Video/Public/Movies/CERN/2008/CERN-MOVIE-2008-028/CERN-MOVIE-2008-028-001/CERN-MOVIE-2008-028-001-1436-kbps-853x480-audio-64-kbps-stereo.mp4</subfield>
    <subfield code="x">mp41436</subfield>
    <subfield code="y">1436 kbps maxH 480 25 fps audio 64 kbps 48 kHz stereo</subfield>
  </datafield>
  <datafield tag="856" ind1="7" ind2=" ">
    <subfield code="2">MediaArchive</subfield>
    <subfield code="u">https://mediaarchive.cern.ch/MediaArchive/Video/Public/Movies/CERN/2008/CERN-MOVIE-2008-028/CERN-MOVIE-2008-028-001/CERN-MOVIE-2008-028-001-836-kbps-640x360-audio-64-kbps-stereo.mp4</subfield>
    <subfield code="x">mp40836</subfield>
    <subfield code="y">0836 kbps maxH 360 25 fps audio 64 kbps 48 kHz stereo</subfield>
  </datafield>
  <datafield tag="856" ind1="7" ind2=" ">
    <subfield code="2">MediaArchive</subfield>
    <subfield code="u">https://mediaarchive.cern.ch/MediaArchive/Video/Public/Movies/CERN/2008/CERN-MOVIE-2008-028/CERN-MOVIE-2008-028-001/CERN-MOVIE-2008-028-001-386-kbps-426x240-audio-64-kbps-stereo.mp4</subfield>
    <subfield code="x">mp40386</subfield>
    <subfield code="y">0386 kbps maxH 240 15 fps audio 64 kbps 48 kHz stereo</subfield>
  </datafield>
  <datafield tag="856" ind1="7" ind2=" ">
    <subfield code="2">MediaArchive</subfield>
    <subfield code="u">https://mediaarchive.cern.ch/MediaArchive/Video/Public/Movies/CERN/2008/CERN-MOVIE-2008-028/CERN-MOVIE-2008-028-001/CERN-MOVIE-2008-028-001-posterframe-640x360-at-5-percent.jpg</subfield>
    <subfield code="x">jpgposterframe</subfield>
    <subfield code="y">posterframe 640x360 at 5 percent</subfield>
  </datafield>
  <datafield tag="856" ind1="7" ind2=" ">
    <subfield code="2">MediaArchive</subfield>
    <subfield code="u">https://mediaarchive.cern.ch/MediaArchive/Video/Public/Movies/CERN/2008/CERN-MOVIE-2008-028/CERN-MOVIE-2008-028-001/CERN-MOVIE-2008-028-001-posterframe-640x360-at-15-percent.jpg</subfield>
    <subfield code="x">jpgposterframe</subfield>
    <subfield code="y">posterframe 640x360 at 15 percent</subfield>
  </datafield>
  <datafield tag="856" ind1="7" ind2=" ">
    <subfield code="2">MediaArchive</subfield>
    <subfield code="u">https://mediaarchive.cern.ch/MediaArchive/Video/Public/Movies/CERN/2008/CERN-MOVIE-2008-028/CERN-MOVIE-2008-028-001/CERN-MOVIE-2008-028-001-posterframe-640x360-at-25-percent.jpg</subfield>
    <subfield code="x">jpgposterframe</subfield>
    <subfield code="y">posterframe 640x360 at 25 percent</subfield>
  </datafield>
  <datafield tag="856" ind1="7" ind2=" ">
    <subfield code="2">MediaArchive</subfield>
    <subfield code="u">https://mediaarchive.cern.ch/MediaArchive/Video/Public/Movies/CERN/2008/CERN-MOVIE-2008-028/CERN-MOVIE-2008-028-001/CERN-MOVIE-2008-028-001-posterframe-640x360-at-35-percent.jpg</subfield>
    <subfield code="x">jpgposterframe</subfield>
    <subfield code="y">posterframe 640x360 at 35 percent</subfield>
  </datafield>
  <datafield tag="856" ind1="7" ind2=" ">
    <subfield code="2">MediaArchive</subfield>
    <subfield code="u">https://mediaarchive.cern.ch/MediaArchive/Video/Public/Movies/CERN/2008/CERN-MOVIE-2008-028/CERN-MOVIE-2008-028-001/CERN-MOVIE-2008-028-001-posterframe-640x360-at-45-percent.jpg</subfield>
    <subfield code="x">jpgposterframe</subfield>
    <subfield code="y">posterframe 640x360 at 45 percent</subfield>
  </datafield>
  <datafield tag="856" ind1="7" ind2=" ">
    <subfield code="2">MediaArchive</subfield>
    <subfield code="u">https://mediaarchive.cern.ch/MediaArchive/Video/Public/Movies/CERN/2008/CERN-MOVIE-2008-028/CERN-MOVIE-2008-028-001/CERN-MOVIE-2008-028-001-posterframe-640x360-at-55-percent.jpg</subfield>
    <subfield code="x">jpgposterframe</subfield>
    <subfield code="y">posterframe 640x360 at 55 percent</subfield>
  </datafield>
  <datafield tag="856" ind1="7" ind2=" ">
    <subfield code="2">MediaArchive</subfield>
    <subfield code="u">https://mediaarchive.cern.ch/MediaArchive/Video/Public/Movies/CERN/2008/CERN-MOVIE-2008-028/CERN-MOVIE-2008-028-001/CERN-MOVIE-2008-028-001-posterframe-640x360-at-65-percent.jpg</subfield>
    <subfield code="x">jpgposterframe</subfield>
    <subfield code="y">posterframe 640x360 at 65 percent</subfield>
  </datafield>
  <datafield tag="856" ind1="7" ind2=" ">
    <subfield code="2">MediaArchive</subfield>
    <subfield code="u">https://mediaarchive.cern.ch/MediaArchive/Video/Public/Movies/CERN/2008/CERN-MOVIE-2008-028/CERN-MOVIE-2008-028-001/CERN-MOVIE-2008-028-001-posterframe-640x360-at-75-percent.jpg</subfield>
    <subfield code="x">jpgposterframe</subfield>
    <subfield code="y">posterframe 640x360 at 75 percent</subfield>
  </datafield>
  <datafield tag="856" ind1="7" ind2=" ">
    <subfield code="2">MediaArchive</subfield>
    <subfield code="u">https://mediaarchive.cern.ch/MediaArchive/Video/Public/Movies/CERN/2008/CERN-MOVIE-2008-028/CERN-MOVIE-2008-028-001/CERN-MOVIE-2008-028-001-posterframe-640x360-at-85-percent.jpg</subfield>
    <subfield code="x">jpgposterframe</subfield>
    <subfield code="y">posterframe 640x360 at 85 percent</subfield>
  </datafield>
  <datafield tag="856" ind1="7" ind2=" ">
    <subfield code="2">MediaArchive</subfield>
    <subfield code="u">https://mediaarchive.cern.ch/MediaArchive/Video/Public/Movies/CERN/2008/CERN-MOVIE-2008-028/CERN-MOVIE-2008-028-001/CERN-MOVIE-2008-028-001-posterframe-640x360-at-95-percent.jpg</subfield>
    <subfield code="x">jpgposterframe</subfield>
    <subfield code="y">posterframe 640x360 at 95 percent</subfield>
  </datafield>
  <datafield tag="856" ind1="7" ind2=" ">
    <subfield code="2">MediaArchive</subfield>
    <subfield code="u">https://mediaarchive.cern.ch/MediaArchive/Video/Public/Movies/CERN/2008/CERN-MOVIE-2008-028/CERN-MOVIE-2008-028-001/proxy-CERN-MOVIE-2008-028-001-posterframe-640x360-at-5-percent.jpg</subfield>
    <subfield code="x">jpgproxy-posterframe</subfield>
    <subfield code="y">proxy-posterframe 640x360 at 5 percent</subfield>
  </datafield>
  <datafield tag="856" ind1="7" ind2=" ">
    <subfield code="2">MediaArchive</subfield>
    <subfield code="u">https://mediaarchive.cern.ch/MediaArchive/Video/Public/Movies/CERN/2008/CERN-MOVIE-2008-028/CERN-MOVIE-2008-028-001/CERN-MOVIE-2008-028-001-thumbnail-176x101-at-5-percent.jpg</subfield>
    <subfield code="x">jpgthumbnail</subfield>
    <subfield code="y">thumbnail 176x101 at 5 percent</subfield>
  </datafield>
  <datafield tag="856" ind1="7" ind2=" ">
    <subfield code="2">MediaArchive</subfield>
    <subfield code="u">https://mediaarchive.cern.ch/MediaArchive/Video/Public/Movies/CERN/2008/CERN-MOVIE-2008-028/CERN-MOVIE-2008-028-001/CERN-MOVIE-2008-028-001-thumbnail-176x101-at-15-percent.jpg</subfield>
    <subfield code="x">jpgthumbnail</subfield>
    <subfield code="y">thumbnail 176x101 at 15 percent</subfield>
  </datafield>
  <datafield tag="856" ind1="7" ind2=" ">
    <subfield code="2">MediaArchive</subfield>
    <subfield code="u">https://mediaarchive.cern.ch/MediaArchive/Video/Public/Movies/CERN/2008/CERN-MOVIE-2008-028/CERN-MOVIE-2008-028-001/CERN-MOVIE-2008-028-001-thumbnail-176x101-at-25-percent.jpg</subfield>
    <subfield code="x">jpgthumbnail</subfield>
    <subfield code="y">thumbnail 176x101 at 25 percent</subfield>
  </datafield>
  <datafield tag="856" ind1="7" ind2=" ">
    <subfield code="2">MediaArchive</subfield>
    <subfield code="u">https://mediaarchive.cern.ch/MediaArchive/Video/Public/Movies/CERN/2008/CERN-MOVIE-2008-028/CERN-MOVIE-2008-028-001/CERN-MOVIE-2008-028-001-thumbnail-176x101-at-35-percent.jpg</subfield>
    <subfield code="x">jpgthumbnail</subfield>
    <subfield code="y">thumbnail 176x101 at 35 percent</subfield>
  </datafield>
  <datafield tag="856" ind1="7" ind2=" ">
    <subfield code="2">MediaArchive</subfield>
    <subfield code="u">https://mediaarchive.cern.ch/MediaArchive/Video/Public/Movies/CERN/2008/CERN-MOVIE-2008-028/CERN-MOVIE-2008-028-001/CERN-MOVIE-2008-028-001-thumbnail-176x101-at-45-percent.jpg</subfield>
    <subfield code="x">jpgthumbnail</subfield>
    <subfield code="y">thumbnail 176x101 at 45 percent</subfield>
  </datafield>
  <datafield tag="856" ind1="7" ind2=" ">
    <subfield code="2">MediaArchive</subfield>
    <subfield code="u">https://mediaarchive.cern.ch/MediaArchive/Video/Public/Movies/CERN/2008/CERN-MOVIE-2008-028/CERN-MOVIE-2008-028-001/CERN-MOVIE-2008-028-001-thumbnail-176x101-at-55-percent.jpg</subfield>
    <subfield code="x">jpgthumbnail</subfield>
    <subfield code="y">thumbnail 176x101 at 55 percent</subfield>
  </datafield>
  <datafield tag="856" ind1="7" ind2=" ">
    <subfield code="2">MediaArchive</subfield>
    <subfield code="u">https://mediaarchive.cern.ch/MediaArchive/Video/Public/Movies/CERN/2008/CERN-MOVIE-2008-028/CERN-MOVIE-2008-028-001/CERN-MOVIE-2008-028-001-thumbnail-176x101-at-65-percent.jpg</subfield>
    <subfield code="x">jpgthumbnail</subfield>
    <subfield code="y">thumbnail 176x101 at 65 percent</subfield>
  </datafield>
  <datafield tag="856" ind1="7" ind2=" ">
    <subfield code="2">MediaArchive</subfield>
    <subfield code="u">https://mediaarchive.cern.ch/MediaArchive/Video/Public/Movies/CERN/2008/CERN-MOVIE-2008-028/CERN-MOVIE-2008-028-001/CERN-MOVIE-2008-028-001-thumbnail-176x101-at-75-percent.jpg</subfield>
    <subfield code="x">jpgthumbnail</subfield>
    <subfield code="y">thumbnail 176x101 at 75 percent</subfield>
  </datafield>
  <datafield tag="856" ind1="7" ind2=" ">
    <subfield code="2">MediaArchive</subfield>
    <subfield code="u">https://mediaarchive.cern.ch/MediaArchive/Video/Public/Movies/CERN/2008/CERN-MOVIE-2008-028/CERN-MOVIE-2008-028-001/CERN-MOVIE-2008-028-001-thumbnail-176x101-at-85-percent.jpg</subfield>
    <subfield code="x">jpgthumbnail</subfield>
    <subfield code="y">thumbnail 176x101 at 85 percent</subfield>
  </datafield>
  <datafield tag="856" ind1="7" ind2=" ">
    <subfield code="2">MediaArchive</subfield>
    <subfield code="u">https://mediaarchive.cern.ch/MediaArchive/Video/Public/Movies/CERN/2008/CERN-MOVIE-2008-028/CERN-MOVIE-2008-028-001/CERN-MOVIE-2008-028-001-thumbnail-176x101-at-95-percent.jpg</subfield>
    <subfield code="x">jpgthumbnail</subfield>
    <subfield code="y">thumbnail 176x101 at 95 percent</subfield>
  </datafield>
  <datafield tag="859" ind1=" " ind2=" ">
    <subfield code="f">tiina.wickstroem@cern.ch</subfield>
  </datafield>
  <datafield tag="960" ind1=" " ind2=" ">
    <subfield code="a">85</subfield>
  </datafield>
  <datafield tag="963" ind1=" " ind2=" ">
    <subfield code="a">PUBLIC</subfield>
  </datafield>
  <datafield tag="970" ind1=" " ind2=" ">
    <subfield code="a">AVW.clip.1071</subfield>
  </datafield>
  <datafield tag="970" ind1=" " ind2=" ">
    <subfield code="d">https://videos.cern.ch/record/1113728</subfield>
  </datafield>
  <datafield tag="980" ind1=" " ind2=" ">
    <subfield code="a">PUBLVIDEOMOVIE</subfield>
  </datafield>
  <datafield tag="980" ind1=" " ind2=" ">
    <subfield code="b">VIDEOMEDIALAB</subfield>
  </datafield>
  <datafield tag="980" ind1=" " ind2=" ">
    <subfield code="c">MIGRATED</subfield>
  </datafield>
</record>
<record>
  <controlfield tag="001">1096393</controlfield>
  <controlfield tag="005">20200622102005.0</controlfield>
  <datafield tag="037" ind1=" " ind2=" ">
    <subfield code="a">CERN-MOVIE-2005-016-001</subfield>
  </datafield>
  <datafield tag="041" ind1=" " ind2=" ">
    <subfield code="a">silent</subfield>
  </datafield>
  <datafield tag="100" ind1=" " ind2=" ">
    <subfield code="a">CERN ATLAS</subfield>
    <subfield code="e">Produced by</subfield>
  </datafield>
  <datafield tag="245" ind1=" " ind2=" ">
    <subfield code="a">ATLAS experiment : From virtual world to real world</subfield>
  </datafield>
  <datafield tag="260" ind1=" " ind2=" ">
    <subfield code="c">2005</subfield>
  </datafield>
  <datafield tag="269" ind1=" " ind2=" ">
    <subfield code="b">CERN Copyright</subfield>
    <subfield code="c">2005-08-08</subfield>
  </datafield>
  <datafield tag="300" ind1=" " ind2=" ">
    <subfield code="a">00:14:32.120</subfield>
    <subfield code="b">720x576 4/3, 25.00</subfield>
    <subfield code="c">25</subfield>
    <subfield code="d">720x576</subfield>
    <subfield code="e">4:3</subfield>
  </datafield>
  <datafield tag="340" ind1=" " ind2=" ">
    <subfield code="a">DV</subfield>
    <subfield code="d">PAL</subfield>
  </datafield>
  <datafield tag="506" ind1="1" ind2=" ">
    <subfield code="a"></subfield>
  </datafield>
  <datafield tag="520" ind1=" " ind2=" ">
    <subfield code="a">The film is a combination of three dimensional cad-based animations together with the real film taken with webcams during the construction, lowering and installation of elements belonging to ATLAS Detector. Very nice movie that gives the view of the both planning and real construction of this huge detector complex located in underground cavern in POINT1.&lt;BR>&lt;BR> This movie is worth to see!</subfield>
  </datafield>
  <datafield tag="542" ind1=" " ind2=" ">
    <subfield code="d">CERN</subfield>
    <subfield code="g">2005</subfield>
  </datafield>
  <datafield tag="595" ind1=" " ind2=" ">
    <subfield code="a">CERN EDS</subfield>
  </datafield>
  <datafield tag="653" ind1="1" ind2=" ">
    <subfield code="9">review</subfield>
    <subfield code="a">ATLAS</subfield>
  </datafield>
  <datafield tag="653" ind1="1" ind2=" ">
    <subfield code="9">review</subfield>
    <subfield code="a">Cavern</subfield>
  </datafield>
  <datafield tag="653" ind1="1" ind2=" ">
    <subfield code="9">review</subfield>
    <subfield code="a">Detector</subfield>
  </datafield>
  <datafield tag="653" ind1="1" ind2=" ">
    <subfield code="9">review</subfield>
    <subfield code="a">Installation</subfield>
  </datafield>
  <datafield tag="653" ind1="1" ind2=" ">
    <subfield code="9">review</subfield>
    <subfield code="a">LHC</subfield>
  </datafield>
  <datafield tag="653" ind1="1" ind2=" ">
    <subfield code="9">review</subfield>
    <subfield code="a">Magnet system</subfield>
  </datafield>
  <datafield tag="653" ind1="1" ind2=" ">
    <subfield code="9">review</subfield>
    <subfield code="a">Point 1</subfield>
  </datafield>
  <datafield tag="653" ind1="1" ind2=" ">
    <subfield code="9">review</subfield>
    <subfield code="a">Toroid</subfield>
  </datafield>
  <datafield tag="653" ind1="1" ind2=" ">
    <subfield code="9">review</subfield>
    <subfield code="a">Webcam</subfield>
  </datafield>
  <datafield tag="690" ind1="C" ind2=" ">
    <subfield code="a">publvideomovie</subfield>
  </datafield>
  <datafield tag="690" ind1="C" ind2=" ">
    <subfield code="a">movingimages</subfield>
  </datafield>
  <datafield tag="693" ind1=" " ind2=" ">
    <subfield code="e">ATLAS</subfield>
  </datafield>
  <datafield tag="700" ind1=" " ind2=" ">
    <subfield code="a">Andreas O. Burckhardt</subfield>
    <subfield code="e">Director</subfield>
  </datafield>
  <datafield tag="773" ind1=" " ind2=" ">
    <subfield code="p">The ATLAS Experiment</subfield>
    <subfield code="u">http://www.atlas.ch/</subfield>
  </datafield>
  <datafield tag="773" ind1=" " ind2=" ">
    <subfield code="o">AVW.project.762</subfield>
    <subfield code="r">CERN-MOVIE-2005-016</subfield>
  </datafield>
  <datafield tag="856" ind1="7" ind2=" ">
    <subfield code="2">MediaArchive</subfield>
    <subfield code="d">\\cern.ch\dfs\Services\MediaArchive\Video\Masters\Movies\CERN\2005\CERN-MOVIE-2005-016\Final_Output\CERN-MOVIE-2005-016-001.avi</subfield>
    <subfield code="x">Absolute master path</subfield>
  </datafield>
  <datafield tag="856" ind1="7" ind2=" ">
    <subfield code="2">MediaArchive</subfield>
    <subfield code="u">https://mediaarchive.cern.ch/MediaArchive/Video/Public/Movies/CERN/2005/CERN-MOVIE-2005-016/CERN-MOVIE-2005-016-001/CERN-MOVIE-2005-016-001-1136-kbps-640x480-audio-64-kbps-stereo.mp4</subfield>
    <subfield code="x">mp41136</subfield>
    <subfield code="y">1136 kbps maxH 480 25 fps audio 64 kbps 48 kHz stereo</subfield>
  </datafield>
  <datafield tag="856" ind1="7" ind2=" ">
    <subfield code="2">MediaArchive</subfield>
    <subfield code="u">https://mediaarchive.cern.ch/MediaArchive/Video/Public/Movies/CERN/2005/CERN-MOVIE-2005-016/CERN-MOVIE-2005-016-001/CERN-MOVIE-2005-016-001-686-kbps-480x360-audio-64-kbps-stereo.mp4</subfield>
    <subfield code="x">mp40686</subfield>
    <subfield code="y">0686 kbps maxH 360 25 fps audio 64 kbps 48 kHz stereo</subfield>
  </datafield>
  <datafield tag="856" ind1="7" ind2=" ">
    <subfield code="2">MediaArchive</subfield>
    <subfield code="u">https://mediaarchive.cern.ch/MediaArchive/Video/Public/Movies/CERN/2005/CERN-MOVIE-2005-016/CERN-MOVIE-2005-016-001/CERN-MOVIE-2005-016-001-286-kbps-320x240-audio-64-kbps-stereo.mp4</subfield>
    <subfield code="x">mp40286</subfield>
    <subfield code="y">0286 kbps maxH 240 15 fps audio 64 kbps 48 kHz stereo</subfield>
  </datafield>
  <datafield tag="856" ind1="7" ind2=" ">
    <subfield code="2">MediaArchive</subfield>
    <subfield code="u">https://mediaarchive.cern.ch/MediaArchive/Video/Public/Movies/CERN/2005/CERN-MOVIE-2005-016/CERN-MOVIE-2005-016-001/CERN-MOVIE-2005-016-001-posterframe-480x360-at-5-percent.jpg</subfield>
    <subfield code="x">jpgposterframe</subfield>
    <subfield code="y">posterframe 480x360 at 5 percent</subfield>
  </datafield>
  <datafield tag="856" ind1="7" ind2=" ">
    <subfield code="2">MediaArchive</subfield>
    <subfield code="u">https://mediaarchive.cern.ch/MediaArchive/Video/Public/Movies/CERN/2005/CERN-MOVIE-2005-016/CERN-MOVIE-2005-016-001/CERN-MOVIE-2005-016-001-posterframe-480x360-at-15-percent.jpg</subfield>
    <subfield code="x">jpgposterframe</subfield>
    <subfield code="y">posterframe 480x360 at 15 percent</subfield>
  </datafield>
  <datafield tag="856" ind1="7" ind2=" ">
    <subfield code="2">MediaArchive</subfield>
    <subfield code="u">https://mediaarchive.cern.ch/MediaArchive/Video/Public/Movies/CERN/2005/CERN-MOVIE-2005-016/CERN-MOVIE-2005-016-001/CERN-MOVIE-2005-016-001-posterframe-480x360-at-25-percent.jpg</subfield>
    <subfield code="x">jpgposterframe</subfield>
    <subfield code="y">posterframe 480x360 at 25 percent</subfield>
  </datafield>
  <datafield tag="856" ind1="7" ind2=" ">
    <subfield code="2">MediaArchive</subfield>
    <subfield code="u">https://mediaarchive.cern.ch/MediaArchive/Video/Public/Movies/CERN/2005/CERN-MOVIE-2005-016/CERN-MOVIE-2005-016-001/CERN-MOVIE-2005-016-001-posterframe-480x360-at-35-percent.jpg</subfield>
    <subfield code="x">jpgposterframe</subfield>
    <subfield code="y">posterframe 480x360 at 35 percent</subfield>
  </datafield>
  <datafield tag="856" ind1="7" ind2=" ">
    <subfield code="2">MediaArchive</subfield>
    <subfield code="u">https://mediaarchive.cern.ch/MediaArchive/Video/Public/Movies/CERN/2005/CERN-MOVIE-2005-016/CERN-MOVIE-2005-016-001/CERN-MOVIE-2005-016-001-posterframe-480x360-at-45-percent.jpg</subfield>
    <subfield code="x">jpgposterframe</subfield>
    <subfield code="y">posterframe 480x360 at 45 percent</subfield>
  </datafield>
  <datafield tag="856" ind1="7" ind2=" ">
    <subfield code="2">MediaArchive</subfield>
    <subfield code="u">https://mediaarchive.cern.ch/MediaArchive/Video/Public/Movies/CERN/2005/CERN-MOVIE-2005-016/CERN-MOVIE-2005-016-001/CERN-MOVIE-2005-016-001-posterframe-480x360-at-55-percent.jpg</subfield>
    <subfield code="x">jpgposterframe</subfield>
    <subfield code="y">posterframe 480x360 at 55 percent</subfield>
  </datafield>
  <datafield tag="856" ind1="7" ind2=" ">
    <subfield code="2">MediaArchive</subfield>
    <subfield code="u">https://mediaarchive.cern.ch/MediaArchive/Video/Public/Movies/CERN/2005/CERN-MOVIE-2005-016/CERN-MOVIE-2005-016-001/CERN-MOVIE-2005-016-001-posterframe-480x360-at-65-percent.jpg</subfield>
    <subfield code="x">jpgposterframe</subfield>
    <subfield code="y">posterframe 480x360 at 65 percent</subfield>
  </datafield>
  <datafield tag="856" ind1="7" ind2=" ">
    <subfield code="2">MediaArchive</subfield>
    <subfield code="u">https://mediaarchive.cern.ch/MediaArchive/Video/Public/Movies/CERN/2005/CERN-MOVIE-2005-016/CERN-MOVIE-2005-016-001/CERN-MOVIE-2005-016-001-posterframe-480x360-at-75-percent.jpg</subfield>
    <subfield code="x">jpgposterframe</subfield>
    <subfield code="y">posterframe 480x360 at 75 percent</subfield>
  </datafield>
  <datafield tag="856" ind1="7" ind2=" ">
    <subfield code="2">MediaArchive</subfield>
    <subfield code="u">https://mediaarchive.cern.ch/MediaArchive/Video/Public/Movies/CERN/2005/CERN-MOVIE-2005-016/CERN-MOVIE-2005-016-001/CERN-MOVIE-2005-016-001-posterframe-480x360-at-85-percent.jpg</subfield>
    <subfield code="x">jpgposterframe</subfield>
    <subfield code="y">posterframe 480x360 at 85 percent</subfield>
  </datafield>
  <datafield tag="856" ind1="7" ind2=" ">
    <subfield code="2">MediaArchive</subfield>
    <subfield code="u">https://mediaarchive.cern.ch/MediaArchive/Video/Public/Movies/CERN/2005/CERN-MOVIE-2005-016/CERN-MOVIE-2005-016-001/CERN-MOVIE-2005-016-001-posterframe-480x360-at-95-percent.jpg</subfield>
    <subfield code="x">jpgposterframe</subfield>
    <subfield code="y">posterframe 480x360 at 95 percent</subfield>
  </datafield>
  <datafield tag="856" ind1="7" ind2=" ">
    <subfield code="2">MediaArchive</subfield>
    <subfield code="u">https://mediaarchive.cern.ch/MediaArchive/Video/Public/Movies/CERN/2005/CERN-MOVIE-2005-016/CERN-MOVIE-2005-016-001/proxy-CERN-MOVIE-2005-016-001-posterframe-480x360-at-5-percent.jpg</subfield>
    <subfield code="x">jpgproxy-posterframe</subfield>
    <subfield code="y">proxy-posterframe 480x360 at 5 percent</subfield>
  </datafield>
  <datafield tag="856" ind1="7" ind2=" ">
    <subfield code="2">MediaArchive</subfield>
    <subfield code="u">https://mediaarchive.cern.ch/MediaArchive/Video/Public/Movies/CERN/2005/CERN-MOVIE-2005-016/CERN-MOVIE-2005-016-001/CERN-MOVIE-2005-016-001-thumbnail-132x101-at-5-percent.jpg</subfield>
    <subfield code="x">jpgthumbnail</subfield>
    <subfield code="y">thumbnail 132x101 at 5 percent</subfield>
  </datafield>
  <datafield tag="856" ind1="7" ind2=" ">
    <subfield code="2">MediaArchive</subfield>
    <subfield code="u">https://mediaarchive.cern.ch/MediaArchive/Video/Public/Movies/CERN/2005/CERN-MOVIE-2005-016/CERN-MOVIE-2005-016-001/CERN-MOVIE-2005-016-001-thumbnail-132x101-at-15-percent.jpg</subfield>
    <subfield code="x">jpgthumbnail</subfield>
    <subfield code="y">thumbnail 132x101 at 15 percent</subfield>
  </datafield>
  <datafield tag="856" ind1="7" ind2=" ">
    <subfield code="2">MediaArchive</subfield>
    <subfield code="u">https://mediaarchive.cern.ch/MediaArchive/Video/Public/Movies/CERN/2005/CERN-MOVIE-2005-016/CERN-MOVIE-2005-016-001/CERN-MOVIE-2005-016-001-thumbnail-132x101-at-25-percent.jpg</subfield>
    <subfield code="x">jpgthumbnail</subfield>
    <subfield code="y">thumbnail 132x101 at 25 percent</subfield>
  </datafield>
  <datafield tag="856" ind1="7" ind2=" ">
    <subfield code="2">MediaArchive</subfield>
    <subfield code="u">https://mediaarchive.cern.ch/MediaArchive/Video/Public/Movies/CERN/2005/CERN-MOVIE-2005-016/CERN-MOVIE-2005-016-001/CERN-MOVIE-2005-016-001-thumbnail-132x101-at-35-percent.jpg</subfield>
    <subfield code="x">jpgthumbnail</subfield>
    <subfield code="y">thumbnail 132x101 at 35 percent</subfield>
  </datafield>
  <datafield tag="856" ind1="7" ind2=" ">
    <subfield code="2">MediaArchive</subfield>
    <subfield code="u">https://mediaarchive.cern.ch/MediaArchive/Video/Public/Movies/CERN/2005/CERN-MOVIE-2005-016/CERN-MOVIE-2005-016-001/CERN-MOVIE-2005-016-001-thumbnail-132x101-at-45-percent.jpg</subfield>
    <subfield code="x">jpgthumbnail</subfield>
    <subfield code="y">thumbnail 132x101 at 45 percent</subfield>
  </datafield>
  <datafield tag="856" ind1="7" ind2=" ">
    <subfield code="2">MediaArchive</subfield>
    <subfield code="u">https://mediaarchive.cern.ch/MediaArchive/Video/Public/Movies/CERN/2005/CERN-MOVIE-2005-016/CERN-MOVIE-2005-016-001/CERN-MOVIE-2005-016-001-thumbnail-132x101-at-55-percent.jpg</subfield>
    <subfield code="x">jpgthumbnail</subfield>
    <subfield code="y">thumbnail 132x101 at 55 percent</subfield>
  </datafield>
  <datafield tag="856" ind1="7" ind2=" ">
    <subfield code="2">MediaArchive</subfield>
    <subfield code="u">https://mediaarchive.cern.ch/MediaArchive/Video/Public/Movies/CERN/2005/CERN-MOVIE-2005-016/CERN-MOVIE-2005-016-001/CERN-MOVIE-2005-016-001-thumbnail-132x101-at-65-percent.jpg</subfield>
    <subfield code="x">jpgthumbnail</subfield>
    <subfield code="y">thumbnail 132x101 at 65 percent</subfield>
  </datafield>
  <datafield tag="856" ind1="7" ind2=" ">
    <subfield code="2">MediaArchive</subfield>
    <subfield code="u">https://mediaarchive.cern.ch/MediaArchive/Video/Public/Movies/CERN/2005/CERN-MOVIE-2005-016/CERN-MOVIE-2005-016-001/CERN-MOVIE-2005-016-001-thumbnail-132x101-at-75-percent.jpg</subfield>
    <subfield code="x">jpgthumbnail</subfield>
    <subfield code="y">thumbnail 132x101 at 75 percent</subfield>
  </datafield>
  <datafield tag="856" ind1="7" ind2=" ">
    <subfield code="2">MediaArchive</subfield>
    <subfield code="u">https://mediaarchive.cern.ch/MediaArchive/Video/Public/Movies/CERN/2005/CERN-MOVIE-2005-016/CERN-MOVIE-2005-016-001/CERN-MOVIE-2005-016-001-thumbnail-132x101-at-85-percent.jpg</subfield>
    <subfield code="x">jpgthumbnail</subfield>
    <subfield code="y">thumbnail 132x101 at 85 percent</subfield>
  </datafield>
  <datafield tag="856" ind1="7" ind2=" ">
    <subfield code="2">MediaArchive</subfield>
    <subfield code="u">https://mediaarchive.cern.ch/MediaArchive/Video/Public/Movies/CERN/2005/CERN-MOVIE-2005-016/CERN-MOVIE-2005-016-001/CERN-MOVIE-2005-016-001-thumbnail-132x101-at-95-percent.jpg</subfield>
    <subfield code="x">jpgthumbnail</subfield>
    <subfield code="y">thumbnail 132x101 at 95 percent</subfield>
  </datafield>
  <datafield tag="859" ind1=" " ind2=" ">
    <subfield code="f">tiina.wickstroem@cern.ch</subfield>
  </datafield>
  <datafield tag="960" ind1=" " ind2=" ">
    <subfield code="a">85</subfield>
  </datafield>
  <datafield tag="963" ind1=" " ind2=" ">
    <subfield code="a">PUBLIC</subfield>
  </datafield>
  <datafield tag="970" ind1=" " ind2=" ">
    <subfield code="a">AVW.clip.939</subfield>
  </datafield>
  <datafield tag="970" ind1=" " ind2=" ">
    <subfield code="d">https://videos.cern.ch/record/1096393</subfield>
  </datafield>
  <datafield tag="980" ind1=" " ind2=" ">
    <subfield code="a">PUBLVIDEOMOVIE</subfield>
  </datafield>
  <datafield tag="980" ind1=" " ind2=" ">
    <subfield code="b">VIDEOMEDIALAB</subfield>
  </datafield>
  <datafield tag="980" ind1=" " ind2=" ">
    <subfield code="c">MIGRATED</subfield>
  </datafield>
</record>
<record>
  <controlfield tag="001">1096390</controlfield>
  <controlfield tag="005">20200622102005.0</controlfield>
  <datafield tag="037" ind1=" " ind2=" ">
    <subfield code="a">CERN-MOVIE-2006-019-001</subfield>
  </datafield>
  <datafield tag="041" ind1=" " ind2=" ">
    <subfield code="a">eng</subfield>
  </datafield>
  <datafield tag="100" ind1=" " ind2=" ">
    <subfield code="a">Michael Barnett - Erik Johansson</subfield>
    <subfield code="e">Produced by</subfield>
  </datafield>
  <datafield tag="245" ind1=" " ind2=" ">
    <subfield code="a">ATLAS experiment - Episode 2 - The Particles Strike Back</subfield>
  </datafield>
  <datafield tag="260" ind1=" " ind2=" ">
    <subfield code="c">2006</subfield>
  </datafield>
  <datafield tag="269" ind1=" " ind2=" ">
    <subfield code="b">CERN Copyright</subfield>
    <subfield code="c">2006</subfield>
  </datafield>
  <datafield tag="300" ind1=" " ind2=" ">
    <subfield code="a">00:14:09.800</subfield>
    <subfield code="b">720x576 4/3, 25.00</subfield>
    <subfield code="c">25</subfield>
    <subfield code="d">720x576</subfield>
    <subfield code="e">4:3</subfield>
  </datafield>
  <datafield tag="340" ind1=" " ind2=" ">
    <subfield code="a">DV</subfield>
    <subfield code="d">PAL</subfield>
  </datafield>
  <datafield tag="506" ind1="1" ind2=" ">
    <subfield code="a"></subfield>
  </datafield>
  <datafield tag="520" ind1=" " ind2=" ">
    <subfield code="a">ATLAS, The Particles Strike Back is the second episode in a three part series that uncovers the mysteries of the ATLAS experiment. Shot with a bug's eye view of the inside of the detector. The viewer is shown the inner, middle and outer sections of the ATLAS detector. The narrator describes how different parts of the detector are able to detect 6 different types of particles: electrons, photons, protons, neutrons, muons and neutrinos.</subfield>
  </datafield>
  <datafield tag="542" ind1=" " ind2=" ">
    <subfield code="d">CERN</subfield>
    <subfield code="g">2006</subfield>
  </datafield>
  <datafield tag="595" ind1=" " ind2=" ">
    <subfield code="a">CERN EDS</subfield>
  </datafield>
  <datafield tag="595" ind1=" " ind2=" ">
    <subfield code="a">Press</subfield>
    <subfield code="s">Press Videos</subfield>
  </datafield>
  <datafield tag="595" ind1=" " ind2=" ">
    <subfield code="a">Press</subfield>
    <subfield code="s">ATLAS</subfield>
  </datafield>
  <datafield tag="653" ind1="1" ind2=" ">
    <subfield code="9">review</subfield>
    <subfield code="a">ATLAS</subfield>
  </datafield>
  <datafield tag="653" ind1="1" ind2=" ">
    <subfield code="9">review</subfield>
    <subfield code="a">LHC</subfield>
  </datafield>
  <datafield tag="653" ind1="1" ind2=" ">
    <subfield code="9">review</subfield>
    <subfield code="a">LHCFirstPhysics</subfield>
  </datafield>
  <datafield tag="690" ind1="C" ind2=" ">
    <subfield code="a">publvideomovie</subfield>
  </datafield>
  <datafield tag="690" ind1="C" ind2=" ">
    <subfield code="a">movingimages</subfield>
  </datafield>
  <datafield tag="700" ind1=" " ind2=" ">
    <subfield code="a">Joao Pequenao</subfield>
    <subfield code="e">Director</subfield>
  </datafield>
  <datafield tag="773" ind1=" " ind2=" ">
    <subfield code="p">Episode 1 : A New Hope</subfield>
    <subfield code="u">http://cdsweb.cern.ch/record/1096389</subfield>
  </datafield>
  <datafield tag="773" ind1=" " ind2=" ">
    <subfield code="p">ATLAS experiment</subfield>
    <subfield code="u">http://atlas.ch</subfield>
  </datafield>
  <datafield tag="773" ind1=" " ind2=" ">
    <subfield code="p">French version</subfield>
    <subfield code="u">http://cdsweb.cern.ch/record/1457121</subfield>
  </datafield>
  <datafield tag="773" ind1=" " ind2=" ">
    <subfield code="p">German version</subfield>
    <subfield code="u">http://cdsweb.cern.ch/record/1457384</subfield>
  </datafield>
  <datafield tag="773" ind1=" " ind2=" ">
    <subfield code="o">AVW.project.799</subfield>
    <subfield code="r">CERN-MOVIE-2006-019</subfield>
  </datafield>
  <datafield tag="856" ind1="7" ind2=" ">
    <subfield code="2">MediaArchive</subfield>
    <subfield code="d">\\cern.ch\dfs\Services\MediaArchive\Video\Masters\Movies\CERN\2006\CERN-MOVIE-2006-019\Final_Output\CERN-MOVIE-2006-019-001.avi</subfield>
    <subfield code="x">Absolute master path</subfield>
  </datafield>
  <datafield tag="856" ind1="7" ind2=" ">
    <subfield code="2">MediaArchive</subfield>
    <subfield code="u">https://mediaarchive.cern.ch/MediaArchive/Video/Public/Movies/CERN/2006/CERN-MOVIE-2006-019/CERN-MOVIE-2006-019-001/CERN-MOVIE-2006-019-001-1136-kbps-640x480-audio-64-kbps-stereo.mp4</subfield>
    <subfield code="x">mp41136</subfield>
    <subfield code="y">1136 kbps maxH 480 25 fps audio 64 kbps 48 kHz stereo</subfield>
  </datafield>
  <datafield tag="856" ind1="7" ind2=" ">
    <subfield code="2">MediaArchive</subfield>
    <subfield code="u">https://mediaarchive.cern.ch/MediaArchive/Video/Public/Movies/CERN/2006/CERN-MOVIE-2006-019/CERN-MOVIE-2006-019-001/CERN-MOVIE-2006-019-001-686-kbps-480x360-audio-64-kbps-stereo.mp4</subfield>
    <subfield code="x">mp40686</subfield>
    <subfield code="y">0686 kbps maxH 360 25 fps audio 64 kbps 48 kHz stereo</subfield>
  </datafield>
  <datafield tag="856" ind1="7" ind2=" ">
    <subfield code="2">MediaArchive</subfield>
    <subfield code="u">https://mediaarchive.cern.ch/MediaArchive/Video/Public/Movies/CERN/2006/CERN-MOVIE-2006-019/CERN-MOVIE-2006-019-001/CERN-MOVIE-2006-019-001-286-kbps-320x240-audio-64-kbps-stereo.mp4</subfield>
    <subfield code="x">mp40286</subfield>
    <subfield code="y">0286 kbps maxH 240 15 fps audio 64 kbps 48 kHz stereo</subfield>
  </datafield>
  <datafield tag="856" ind1="7" ind2=" ">
    <subfield code="2">MediaArchive</subfield>
    <subfield code="u">https://mediaarchive.cern.ch/MediaArchive/Video/Public/Movies/CERN/2006/CERN-MOVIE-2006-019/CERN-MOVIE-2006-019-001/CERN-MOVIE-2006-019-001-posterframe-480x360-at-5-percent.jpg</subfield>
    <subfield code="x">jpgposterframe</subfield>
    <subfield code="y">posterframe 480x360 at 5 percent</subfield>
  </datafield>
  <datafield tag="856" ind1="7" ind2=" ">
    <subfield code="2">MediaArchive</subfield>
    <subfield code="u">https://mediaarchive.cern.ch/MediaArchive/Video/Public/Movies/CERN/2006/CERN-MOVIE-2006-019/CERN-MOVIE-2006-019-001/CERN-MOVIE-2006-019-001-posterframe-480x360-at-15-percent.jpg</subfield>
    <subfield code="x">jpgposterframe</subfield>
    <subfield code="y">posterframe 480x360 at 15 percent</subfield>
  </datafield>
  <datafield tag="856" ind1="7" ind2=" ">
    <subfield code="2">MediaArchive</subfield>
    <subfield code="u">https://mediaarchive.cern.ch/MediaArchive/Video/Public/Movies/CERN/2006/CERN-MOVIE-2006-019/CERN-MOVIE-2006-019-001/CERN-MOVIE-2006-019-001-posterframe-480x360-at-25-percent.jpg</subfield>
    <subfield code="x">jpgposterframe</subfield>
    <subfield code="y">posterframe 480x360 at 25 percent</subfield>
  </datafield>
  <datafield tag="856" ind1="7" ind2=" ">
    <subfield code="2">MediaArchive</subfield>
    <subfield code="u">https://mediaarchive.cern.ch/MediaArchive/Video/Public/Movies/CERN/2006/CERN-MOVIE-2006-019/CERN-MOVIE-2006-019-001/CERN-MOVIE-2006-019-001-posterframe-480x360-at-35-percent.jpg</subfield>
    <subfield code="x">jpgposterframe</subfield>
    <subfield code="y">posterframe 480x360 at 35 percent</subfield>
  </datafield>
  <datafield tag="856" ind1="7" ind2=" ">
    <subfield code="2">MediaArchive</subfield>
    <subfield code="u">https://mediaarchive.cern.ch/MediaArchive/Video/Public/Movies/CERN/2006/CERN-MOVIE-2006-019/CERN-MOVIE-2006-019-001/CERN-MOVIE-2006-019-001-posterframe-480x360-at-45-percent.jpg</subfield>
    <subfield code="x">jpgposterframe</subfield>
    <subfield code="y">posterframe 480x360 at 45 percent</subfield>
  </datafield>
  <datafield tag="856" ind1="7" ind2=" ">
    <subfield code="2">MediaArchive</subfield>
    <subfield code="u">https://mediaarchive.cern.ch/MediaArchive/Video/Public/Movies/CERN/2006/CERN-MOVIE-2006-019/CERN-MOVIE-2006-019-001/CERN-MOVIE-2006-019-001-posterframe-480x360-at-55-percent.jpg</subfield>
    <subfield code="x">jpgposterframe</subfield>
    <subfield code="y">posterframe 480x360 at 55 percent</subfield>
  </datafield>
  <datafield tag="856" ind1="7" ind2=" ">
    <subfield code="2">MediaArchive</subfield>
    <subfield code="u">https://mediaarchive.cern.ch/MediaArchive/Video/Public/Movies/CERN/2006/CERN-MOVIE-2006-019/CERN-MOVIE-2006-019-001/CERN-MOVIE-2006-019-001-posterframe-480x360-at-65-percent.jpg</subfield>
    <subfield code="x">jpgposterframe</subfield>
    <subfield code="y">posterframe 480x360 at 65 percent</subfield>
  </datafield>
  <datafield tag="856" ind1="7" ind2=" ">
    <subfield code="2">MediaArchive</subfield>
    <subfield code="u">https://mediaarchive.cern.ch/MediaArchive/Video/Public/Movies/CERN/2006/CERN-MOVIE-2006-019/CERN-MOVIE-2006-019-001/CERN-MOVIE-2006-019-001-posterframe-480x360-at-75-percent.jpg</subfield>
    <subfield code="x">jpgposterframe</subfield>
    <subfield code="y">posterframe 480x360 at 75 percent</subfield>
  </datafield>
  <datafield tag="856" ind1="7" ind2=" ">
    <subfield code="2">MediaArchive</subfield>
    <subfield code="u">https://mediaarchive.cern.ch/MediaArchive/Video/Public/Movies/CERN/2006/CERN-MOVIE-2006-019/CERN-MOVIE-2006-019-001/CERN-MOVIE-2006-019-001-posterframe-480x360-at-85-percent.jpg</subfield>
    <subfield code="x">jpgposterframe</subfield>
    <subfield code="y">posterframe 480x360 at 85 percent</subfield>
  </datafield>
  <datafield tag="856" ind1="7" ind2=" ">
    <subfield code="2">MediaArchive</subfield>
    <subfield code="u">https://mediaarchive.cern.ch/MediaArchive/Video/Public/Movies/CERN/2006/CERN-MOVIE-2006-019/CERN-MOVIE-2006-019-001/CERN-MOVIE-2006-019-001-posterframe-480x360-at-95-percent.jpg</subfield>
    <subfield code="x">jpgposterframe</subfield>
    <subfield code="y">posterframe 480x360 at 95 percent</subfield>
  </datafield>
  <datafield tag="856" ind1="7" ind2=" ">
    <subfield code="2">MediaArchive</subfield>
    <subfield code="u">https://mediaarchive.cern.ch/MediaArchive/Video/Public/Movies/CERN/2006/CERN-MOVIE-2006-019/CERN-MOVIE-2006-019-001/proxy-CERN-MOVIE-2006-019-001-posterframe-480x360-at-5-percent.jpg</subfield>
    <subfield code="x">jpgproxy-posterframe</subfield>
    <subfield code="y">proxy-posterframe 480x360 at 5 percent</subfield>
  </datafield>
  <datafield tag="856" ind1="7" ind2=" ">
    <subfield code="2">MediaArchive</subfield>
    <subfield code="u">https://mediaarchive.cern.ch/MediaArchive/Video/Public/Movies/CERN/2006/CERN-MOVIE-2006-019/CERN-MOVIE-2006-019-001/CERN-MOVIE-2006-019-001-thumbnail-135x101-at-5-percent.jpg</subfield>
    <subfield code="x">jpgthumbnail</subfield>
    <subfield code="y">thumbnail 135x101 at 5 percent</subfield>
  </datafield>
  <datafield tag="856" ind1="7" ind2=" ">
    <subfield code="2">MediaArchive</subfield>
    <subfield code="u">https://mediaarchive.cern.ch/MediaArchive/Video/Public/Movies/CERN/2006/CERN-MOVIE-2006-019/CERN-MOVIE-2006-019-001/CERN-MOVIE-2006-019-001-thumbnail-135x101-at-15-percent.jpg</subfield>
    <subfield code="x">jpgthumbnail</subfield>
    <subfield code="y">thumbnail 135x101 at 15 percent</subfield>
  </datafield>
  <datafield tag="856" ind1="7" ind2=" ">
    <subfield code="2">MediaArchive</subfield>
    <subfield code="u">https://mediaarchive.cern.ch/MediaArchive/Video/Public/Movies/CERN/2006/CERN-MOVIE-2006-019/CERN-MOVIE-2006-019-001/CERN-MOVIE-2006-019-001-thumbnail-135x101-at-25-percent.jpg</subfield>
    <subfield code="x">jpgthumbnail</subfield>
    <subfield code="y">thumbnail 135x101 at 25 percent</subfield>
  </datafield>
  <datafield tag="856" ind1="7" ind2=" ">
    <subfield code="2">MediaArchive</subfield>
    <subfield code="u">https://mediaarchive.cern.ch/MediaArchive/Video/Public/Movies/CERN/2006/CERN-MOVIE-2006-019/CERN-MOVIE-2006-019-001/CERN-MOVIE-2006-019-001-thumbnail-135x101-at-35-percent.jpg</subfield>
    <subfield code="x">jpgthumbnail</subfield>
    <subfield code="y">thumbnail 135x101 at 35 percent</subfield>
  </datafield>
  <datafield tag="856" ind1="7" ind2=" ">
    <subfield code="2">MediaArchive</subfield>
    <subfield code="u">https://mediaarchive.cern.ch/MediaArchive/Video/Public/Movies/CERN/2006/CERN-MOVIE-2006-019/CERN-MOVIE-2006-019-001/CERN-MOVIE-2006-019-001-thumbnail-135x101-at-45-percent.jpg</subfield>
    <subfield code="x">jpgthumbnail</subfield>
    <subfield code="y">thumbnail 135x101 at 45 percent</subfield>
  </datafield>
  <datafield tag="856" ind1="7" ind2=" ">
    <subfield code="2">MediaArchive</subfield>
    <subfield code="u">https://mediaarchive.cern.ch/MediaArchive/Video/Public/Movies/CERN/2006/CERN-MOVIE-2006-019/CERN-MOVIE-2006-019-001/CERN-MOVIE-2006-019-001-thumbnail-135x101-at-55-percent.jpg</subfield>
    <subfield code="x">jpgthumbnail</subfield>
    <subfield code="y">thumbnail 135x101 at 55 percent</subfield>
  </datafield>
  <datafield tag="856" ind1="7" ind2=" ">
    <subfield code="2">MediaArchive</subfield>
    <subfield code="u">https://mediaarchive.cern.ch/MediaArchive/Video/Public/Movies/CERN/2006/CERN-MOVIE-2006-019/CERN-MOVIE-2006-019-001/CERN-MOVIE-2006-019-001-thumbnail-135x101-at-65-percent.jpg</subfield>
    <subfield code="x">jpgthumbnail</subfield>
    <subfield code="y">thumbnail 135x101 at 65 percent</subfield>
  </datafield>
  <datafield tag="856" ind1="7" ind2=" ">
    <subfield code="2">MediaArchive</subfield>
    <subfield code="u">https://mediaarchive.cern.ch/MediaArchive/Video/Public/Movies/CERN/2006/CERN-MOVIE-2006-019/CERN-MOVIE-2006-019-001/CERN-MOVIE-2006-019-001-thumbnail-135x101-at-75-percent.jpg</subfield>
    <subfield code="x">jpgthumbnail</subfield>
    <subfield code="y">thumbnail 135x101 at 75 percent</subfield>
  </datafield>
  <datafield tag="856" ind1="7" ind2=" ">
    <subfield code="2">MediaArchive</subfield>
    <subfield code="u">https://mediaarchive.cern.ch/MediaArchive/Video/Public/Movies/CERN/2006/CERN-MOVIE-2006-019/CERN-MOVIE-2006-019-001/CERN-MOVIE-2006-019-001-thumbnail-135x101-at-85-percent.jpg</subfield>
    <subfield code="x">jpgthumbnail</subfield>
    <subfield code="y">thumbnail 135x101 at 85 percent</subfield>
  </datafield>
  <datafield tag="856" ind1="7" ind2=" ">
    <subfield code="2">MediaArchive</subfield>
    <subfield code="u">https://mediaarchive.cern.ch/MediaArchive/Video/Public/Movies/CERN/2006/CERN-MOVIE-2006-019/CERN-MOVIE-2006-019-001/CERN-MOVIE-2006-019-001-thumbnail-135x101-at-95-percent.jpg</subfield>
    <subfield code="x">jpgthumbnail</subfield>
    <subfield code="y">thumbnail 135x101 at 95 percent</subfield>
  </datafield>
  <datafield tag="859" ind1=" " ind2=" ">
    <subfield code="f">christiane.montarbaud@cern.ch</subfield>
  </datafield>
  <datafield tag="960" ind1=" " ind2=" ">
    <subfield code="a">85</subfield>
  </datafield>
  <datafield tag="963" ind1=" " ind2=" ">
    <subfield code="a">PUBLIC</subfield>
  </datafield>
  <datafield tag="970" ind1=" " ind2=" ">
    <subfield code="a">AVW.clip.980</subfield>
  </datafield>
  <datafield tag="970" ind1=" " ind2=" ">
    <subfield code="d">https://videos.cern.ch/record/1096390</subfield>
  </datafield>
  <datafield tag="980" ind1=" " ind2=" ">
    <subfield code="a">PUBLVIDEOMOVIE</subfield>
  </datafield>
  <datafield tag="980" ind1=" " ind2=" ">
    <subfield code="b">VIDEOMEDIALAB</subfield>
  </datafield>
  <datafield tag="980" ind1=" " ind2=" ">
    <subfield code="c">MIGRATED</subfield>
  </datafield>
</record>
<record>
  <controlfield tag="001">1096389</controlfield>
  <controlfield tag="005">20200622102005.0</controlfield>
  <datafield tag="037" ind1=" " ind2=" ">
    <subfield code="a">CERN-MOVIE-2006-018-001</subfield>
  </datafield>
  <datafield tag="041" ind1=" " ind2=" ">
    <subfield code="a">eng</subfield>
  </datafield>
  <datafield tag="100" ind1=" " ind2=" ">
    <subfield code="a">Michael Barnett - Erik Johansson - Amelia Maio</subfield>
    <subfield code="e">Produced by</subfield>
  </datafield>
  <datafield tag="245" ind1=" " ind2=" ">
    <subfield code="a">ATLAS experiment - Episode 1 - A New Hope</subfield>
  </datafield>
  <datafield tag="260" ind1=" " ind2=" ">
    <subfield code="c">2006</subfield>
  </datafield>
  <datafield tag="269" ind1=" " ind2=" ">
    <subfield code="b">CERN/ATLAS experiment Copyright</subfield>
    <subfield code="c">2006</subfield>
  </datafield>
  <datafield tag="300" ind1=" " ind2=" ">
    <subfield code="a">00:07:12.920</subfield>
    <subfield code="b">720x576 4/3, 25.00</subfield>
    <subfield code="c">25</subfield>
    <subfield code="d">720x576</subfield>
    <subfield code="e">4:3</subfield>
  </datafield>
  <datafield tag="340" ind1=" " ind2=" ">
    <subfield code="a">DV</subfield>
    <subfield code="d">PAL</subfield>
  </datafield>
  <datafield tag="506" ind1="1" ind2=" ">
    <subfield code="a"></subfield>
  </datafield>
  <datafield tag="520" ind1=" " ind2=" ">
    <subfield code="a">ATLAS, A New Hope is the first episode in a three part series that uncovers the mysteries of the ATLAS experiment.</subfield>
  </datafield>
  <datafield tag="542" ind1=" " ind2=" ">
    <subfield code="d">CERN</subfield>
    <subfield code="f">ATLAS Experiment © 2006 CERN</subfield>
    <subfield code="g">2006</subfield>
  </datafield>
  <datafield tag="595" ind1=" " ind2=" ">
    <subfield code="a">CERN EDS</subfield>
  </datafield>
  <datafield tag="595" ind1=" " ind2=" ">
    <subfield code="a">Press</subfield>
    <subfield code="s">Press Videos</subfield>
  </datafield>
  <datafield tag="595" ind1=" " ind2=" ">
    <subfield code="a">Press</subfield>
    <subfield code="s">ATLAS</subfield>
  </datafield>
  <datafield tag="653" ind1="1" ind2=" ">
    <subfield code="9">review</subfield>
    <subfield code="a">ATLAS</subfield>
  </datafield>
  <datafield tag="653" ind1="1" ind2=" ">
    <subfield code="9">review</subfield>
    <subfield code="a">Detector</subfield>
  </datafield>
  <datafield tag="653" ind1="1" ind2=" ">
    <subfield code="9">review</subfield>
    <subfield code="a">LHC</subfield>
  </datafield>
  <datafield tag="653" ind1="1" ind2=" ">
    <subfield code="9">review</subfield>
    <subfield code="a">LHCFirstPhysics</subfield>
  </datafield>
  <datafield tag="690" ind1="C" ind2=" ">
    <subfield code="a">publvideomovie</subfield>
  </datafield>
  <datafield tag="690" ind1="C" ind2=" ">
    <subfield code="a">movingimages</subfield>
  </datafield>
  <datafield tag="700" ind1=" " ind2=" ">
    <subfield code="a">Joao Pequenao</subfield>
    <subfield code="e">Director</subfield>
  </datafield>
  <datafield tag="773" ind1=" " ind2=" ">
    <subfield code="p">Episode 2 : The Particles Strike Back</subfield>
    <subfield code="u">http://cdsweb.cern.ch/record/1096390</subfield>
  </datafield>
  <datafield tag="773" ind1=" " ind2=" ">
    <subfield code="p">ATLAS experiment</subfield>
    <subfield code="u">http://atlas.ch</subfield>
  </datafield>
  <datafield tag="773" ind1=" " ind2=" ">
    <subfield code="p">French version</subfield>
    <subfield code="u">http://cdsweb.cern.ch/record/1458001</subfield>
  </datafield>
  <datafield tag="773" ind1=" " ind2=" ">
    <subfield code="p">German version</subfield>
    <subfield code="u">http://cdsweb.cern.ch/record/1458003</subfield>
  </datafield>
  <datafield tag="773" ind1=" " ind2=" ">
    <subfield code="p">Portuguese version</subfield>
    <subfield code="u">https://cdsweb.cern.ch/record/1479320</subfield>
  </datafield>
  <datafield tag="773" ind1=" " ind2=" ">
    <subfield code="o">AVW.project.798</subfield>
    <subfield code="r">CERN-MOVIE-2006-018</subfield>
  </datafield>
  <datafield tag="856" ind1="7" ind2=" ">
    <subfield code="2">MediaArchive</subfield>
    <subfield code="d">\\cern.ch\dfs\Services\MediaArchive\Video\Masters\Movies\CERN\2006\CERN-MOVIE-2006-018\Final_Output\CERN-MOVIE-2006-018-001.avi</subfield>
    <subfield code="x">Absolute master path</subfield>
  </datafield>
  <datafield tag="856" ind1="7" ind2=" ">
    <subfield code="2">MediaArchive</subfield>
    <subfield code="u">https://mediaarchive.cern.ch/MediaArchive/Video/Public/Movies/CERN/2006/CERN-MOVIE-2006-018/CERN-MOVIE-2006-018-001/CERN-MOVIE-2006-018-001-1136-kbps-640x480-audio-64-kbps-stereo.mp4</subfield>
    <subfield code="x">mp41136</subfield>
    <subfield code="y">1136 kbps maxH 480 25 fps audio 64 kbps 48 kHz stereo</subfield>
  </datafield>
  <datafield tag="856" ind1="7" ind2=" ">
    <subfield code="2">MediaArchive</subfield>
    <subfield code="u">https://mediaarchive.cern.ch/MediaArchive/Video/Public/Movies/CERN/2006/CERN-MOVIE-2006-018/CERN-MOVIE-2006-018-001/CERN-MOVIE-2006-018-001-686-kbps-480x360-audio-64-kbps-stereo.mp4</subfield>
    <subfield code="x">mp40686</subfield>
    <subfield code="y">0686 kbps maxH 360 25 fps audio 64 kbps 48 kHz stereo</subfield>
  </datafield>
  <datafield tag="856" ind1="7" ind2=" ">
    <subfield code="2">MediaArchive</subfield>
    <subfield code="u">https://mediaarchive.cern.ch/MediaArchive/Video/Public/Movies/CERN/2006/CERN-MOVIE-2006-018/CERN-MOVIE-2006-018-001/CERN-MOVIE-2006-018-001-286-kbps-320x240-audio-64-kbps-stereo.mp4</subfield>
    <subfield code="x">mp40286</subfield>
    <subfield code="y">0286 kbps maxH 240 15 fps audio 64 kbps 48 kHz stereo</subfield>
  </datafield>
  <datafield tag="856" ind1="7" ind2=" ">
    <subfield code="2">MediaArchive</subfield>
    <subfield code="u">https://mediaarchive.cern.ch/MediaArchive/Video/Public/Movies/CERN/2006/CERN-MOVIE-2006-018/CERN-MOVIE-2006-018-001/CERN-MOVIE-2006-018-001-posterframe-480x360-at-65-percent.jpg</subfield>
    <subfield code="x">jpgposterframe</subfield>
    <subfield code="y">posterframe 480x360 at 65 percent</subfield>
  </datafield>
  <datafield tag="856" ind1="7" ind2=" ">
    <subfield code="2">MediaArchive</subfield>
    <subfield code="u">https://mediaarchive.cern.ch/MediaArchive/Video/Public/Movies/CERN/2006/CERN-MOVIE-2006-018/CERN-MOVIE-2006-018-001/CERN-MOVIE-2006-018-001-posterframe-480x360-at-75-percent.jpg</subfield>
    <subfield code="x">jpgposterframe</subfield>
    <subfield code="y">posterframe 480x360 at 75 percent</subfield>
  </datafield>
  <datafield tag="856" ind1="7" ind2=" ">
    <subfield code="2">MediaArchive</subfield>
    <subfield code="u">https://mediaarchive.cern.ch/MediaArchive/Video/Public/Movies/CERN/2006/CERN-MOVIE-2006-018/CERN-MOVIE-2006-018-001/CERN-MOVIE-2006-018-001-posterframe-480x360-at-85-percent.jpg</subfield>
    <subfield code="x">jpgposterframe</subfield>
    <subfield code="y">posterframe 480x360 at 85 percent</subfield>
  </datafield>
  <datafield tag="856" ind1="7" ind2=" ">
    <subfield code="2">MediaArchive</subfield>
    <subfield code="u">https://mediaarchive.cern.ch/MediaArchive/Video/Public/Movies/CERN/2006/CERN-MOVIE-2006-018/CERN-MOVIE-2006-018-001/CERN-MOVIE-2006-018-001-posterframe-480x360-at-95-percent.jpg</subfield>
    <subfield code="x">jpgposterframe</subfield>
    <subfield code="y">posterframe 480x360 at 95 percent</subfield>
  </datafield>
  <datafield tag="856" ind1="7" ind2=" ">
    <subfield code="2">MediaArchive</subfield>
    <subfield code="u">https://mediaarchive.cern.ch/MediaArchive/Video/Public/Movies/CERN/2006/CERN-MOVIE-2006-018/CERN-MOVIE-2006-018-001/proxy-CERN-MOVIE-2006-018-001-posterframe-480x360-at-5-percent.jpg</subfield>
    <subfield code="x">jpgproxy-posterframe</subfield>
    <subfield code="y">proxy-posterframe 480x360 at 5 percent</subfield>
  </datafield>
  <datafield tag="856" ind1="7" ind2=" ">
    <subfield code="2">MediaArchive</subfield>
    <subfield code="u">https://mediaarchive.cern.ch/MediaArchive/Video/Public/Movies/CERN/2006/CERN-MOVIE-2006-018/CERN-MOVIE-2006-018-001/CERN-MOVIE-2006-018-001-thumbnail-135x101-at-5-percent.jpg</subfield>
    <subfield code="x">jpgthumbnail</subfield>
    <subfield code="y">thumbnail 135x101 at 5 percent</subfield>
  </datafield>
  <datafield tag="856" ind1="7" ind2=" ">
    <subfield code="2">MediaArchive</subfield>
    <subfield code="u">https://mediaarchive.cern.ch/MediaArchive/Video/Public/Movies/CERN/2006/CERN-MOVIE-2006-018/CERN-MOVIE-2006-018-001/CERN-MOVIE-2006-018-001-thumbnail-135x101-at-15-percent.jpg</subfield>
    <subfield code="x">jpgthumbnail</subfield>
    <subfield code="y">thumbnail 135x101 at 15 percent</subfield>
  </datafield>
  <datafield tag="856" ind1="7" ind2=" ">
    <subfield code="2">MediaArchive</subfield>
    <subfield code="u">https://mediaarchive.cern.ch/MediaArchive/Video/Public/Movies/CERN/2006/CERN-MOVIE-2006-018/CERN-MOVIE-2006-018-001/CERN-MOVIE-2006-018-001-thumbnail-135x101-at-25-percent.jpg</subfield>
    <subfield code="x">jpgthumbnail</subfield>
    <subfield code="y">thumbnail 135x101 at 25 percent</subfield>
  </datafield>
  <datafield tag="856" ind1="7" ind2=" ">
    <subfield code="2">MediaArchive</subfield>
    <subfield code="u">https://mediaarchive.cern.ch/MediaArchive/Video/Public/Movies/CERN/2006/CERN-MOVIE-2006-018/CERN-MOVIE-2006-018-001/CERN-MOVIE-2006-018-001-thumbnail-135x101-at-35-percent.jpg</subfield>
    <subfield code="x">jpgthumbnail</subfield>
    <subfield code="y">thumbnail 135x101 at 35 percent</subfield>
  </datafield>
  <datafield tag="856" ind1="7" ind2=" ">
    <subfield code="2">MediaArchive</subfield>
    <subfield code="u">https://mediaarchive.cern.ch/MediaArchive/Video/Public/Movies/CERN/2006/CERN-MOVIE-2006-018/CERN-MOVIE-2006-018-001/CERN-MOVIE-2006-018-001-thumbnail-135x101-at-45-percent.jpg</subfield>
    <subfield code="x">jpgthumbnail</subfield>
    <subfield code="y">thumbnail 135x101 at 45 percent</subfield>
  </datafield>
  <datafield tag="856" ind1="7" ind2=" ">
    <subfield code="2">MediaArchive</subfield>
    <subfield code="u">https://mediaarchive.cern.ch/MediaArchive/Video/Public/Movies/CERN/2006/CERN-MOVIE-2006-018/CERN-MOVIE-2006-018-001/CERN-MOVIE-2006-018-001-thumbnail-135x101-at-55-percent.jpg</subfield>
    <subfield code="x">jpgthumbnail</subfield>
    <subfield code="y">thumbnail 135x101 at 55 percent</subfield>
  </datafield>
  <datafield tag="856" ind1="7" ind2=" ">
    <subfield code="2">MediaArchive</subfield>
    <subfield code="u">https://mediaarchive.cern.ch/MediaArchive/Video/Public/Movies/CERN/2006/CERN-MOVIE-2006-018/CERN-MOVIE-2006-018-001/CERN-MOVIE-2006-018-001-thumbnail-135x101-at-65-percent.jpg</subfield>
    <subfield code="x">jpgthumbnail</subfield>
    <subfield code="y">thumbnail 135x101 at 65 percent</subfield>
  </datafield>
  <datafield tag="856" ind1="7" ind2=" ">
    <subfield code="2">MediaArchive</subfield>
    <subfield code="u">https://mediaarchive.cern.ch/MediaArchive/Video/Public/Movies/CERN/2006/CERN-MOVIE-2006-018/CERN-MOVIE-2006-018-001/CERN-MOVIE-2006-018-001-thumbnail-135x101-at-75-percent.jpg</subfield>
    <subfield code="x">jpgthumbnail</subfield>
    <subfield code="y">thumbnail 135x101 at 75 percent</subfield>
  </datafield>
  <datafield tag="856" ind1="7" ind2=" ">
    <subfield code="2">MediaArchive</subfield>
    <subfield code="u">https://mediaarchive.cern.ch/MediaArchive/Video/Public/Movies/CERN/2006/CERN-MOVIE-2006-018/CERN-MOVIE-2006-018-001/CERN-MOVIE-2006-018-001-thumbnail-135x101-at-85-percent.jpg</subfield>
    <subfield code="x">jpgthumbnail</subfield>
    <subfield code="y">thumbnail 135x101 at 85 percent</subfield>
  </datafield>
  <datafield tag="856" ind1="7" ind2=" ">
    <subfield code="2">MediaArchive</subfield>
    <subfield code="u">https://mediaarchive.cern.ch/MediaArchive/Video/Public/Movies/CERN/2006/CERN-MOVIE-2006-018/CERN-MOVIE-2006-018-001/CERN-MOVIE-2006-018-001-thumbnail-135x101-at-95-percent.jpg</subfield>
    <subfield code="x">jpgthumbnail</subfield>
    <subfield code="y">thumbnail 135x101 at 95 percent</subfield>
  </datafield>
  <datafield tag="859" ind1=" " ind2=" ">
    <subfield code="f">christiane.montarbaud@cern.ch</subfield>
  </datafield>
  <datafield tag="960" ind1=" " ind2=" ">
    <subfield code="a">85</subfield>
  </datafield>
  <datafield tag="963" ind1=" " ind2=" ">
    <subfield code="a">PUBLIC</subfield>
  </datafield>
  <datafield tag="970" ind1=" " ind2=" ">
    <subfield code="a">AVW.clip.979</subfield>
  </datafield>
  <datafield tag="970" ind1=" " ind2=" ">
    <subfield code="d">https://videos.cern.ch/record/1096389</subfield>
  </datafield>
  <datafield tag="980" ind1=" " ind2=" ">
    <subfield code="a">PUBLVIDEOMOVIE</subfield>
  </datafield>
  <datafield tag="980" ind1=" " ind2=" ">
    <subfield code="b">VIDEOMEDIALAB</subfield>
  </datafield>
  <datafield tag="980" ind1=" " ind2=" ">
    <subfield code="c">MIGRATED</subfield>
  </datafield>
</record>

</collection>